000 01315naa a22003377a 4500
001 BR2700027
003 BR-BrBNA
005 20240918172741.0
007 ta
008 230509b bl.||||| |||| 00| 0 por d
040 _aBR-BrBNA
_bpor
_cBiblioteca Nacional de Agricultura
041 _a(Pt)
072 _aQ10; F00
_b9530
_bG514
090 _aQ10 BR2700027
100 1 _aCaldas, R.
111 1 _a1. Congresso Nacional de Oleos, Gorduras, Ceras e Resinas, e seus Derivados
_cRio de Janeiro, GB (Brazil)
_d22 Nov 1924
245 1 _aIndustria das materias graxas no Rio Grande do Norte [oleo vegetal, Brasil]
260 3 _aRio de Janeiro, GB (Brasil):
_c1927.
500 _aAnnaes do Primeiro e Segundo Congresso Nacional de Oleos, Gorduras, Ceras e Resinas, e seus derivados Rio de Janeiro, GB (Brasil): 1927. p. 233-244 (BR2700027-AM)Q10
650 _aOLEO VEGETAL
650 _aALGODAO
650 _aCARNAUBA
650 _aCOCO
650 _aMAMONA
650 _aCUSTO DE PRODUCAO
650 _aINDUSTRIA AGRICOLA
650 _aRIO GRANDE DO NORTE
773 0 _tAnnaes do Primeiro e Segundo Congresso Nacional de Oleos, Gorduras, Ceras e Resinas, e seus derivados
_wQ10 BR2700027
_gRio de Janeiro, GB (Brasil), 1927. p. 233-244
909 _a202404
_bLucia
_c55
_dLucia Elande
942 _cAM
_2AGRIS
999 _c301355
_d301355